Análisis de la meiosis en el macho de Cephalocoema flavirostris (Blancard), 1851 (Registro nro. 12521)
[ vista simple ]
| 000 -CABECERA | |
|---|---|
| Campo de control | 006650000a22001930004500 |
| 090 ## - CLASIFICACIÓN LOCAL | |
| Colección | AR |
| Consecutivo | 03470 |
| 041 0# - IDIOMA | |
| Código de idioma para texto/pista de sonido o título separado | |
| 100 1# - ASIENTO PRINCIPAL--NOMBRE PERSONAL | |
| Nombre personal | Cea Cifuentes, Guido |
| 245 10 - MENCION DE TITULO | |
| Título | Análisis de la meiosis en el macho de Cephalocoema flavirostris (Blancard), 1851 |
| Version | Orthoptera, Proscopiidae |
| 650 14 - ASIENTO SECUNDARIO DE MATERIA - TERMINO TEMATICO | |
| Término temático o nombre geográfico como elemento de entrada | Entomología |
| 650 14 - ASIENTO SECUNDARIO DE MATERIA - TERMINO TEMATICO | |
| Término temático o nombre geográfico como elemento de entrada | Análisis genético |
| 650 14 - ASIENTO SECUNDARIO DE MATERIA - TERMINO TEMATICO | |
| Término temático o nombre geográfico como elemento de entrada | Ciclo biológico |
| 650 14 - ASIENTO SECUNDARIO DE MATERIA - TERMINO TEMATICO | |
| Término temático o nombre geográfico como elemento de entrada | Meiosis |
| 650 14 - ASIENTO SECUNDARIO DE MATERIA - TERMINO TEMATICO | |
| Término temático o nombre geográfico como elemento de entrada | Citogenética |
| 651 #4 - ASIENTO SECUNDARIO DE MATERIA - NOMBRE GEOGRAFICO | |
| -- | Parque Hualpén |
| -- | Concepción |
| -- | Chile |
| 653 ## - TERMINO DE INDIZACION - NO CONTROLADO | |
| -- | Cephalocoema |
| -- | Cephalocoema flavirostris |
| 773 1# - Item fuente: | |
| Título | Bol. Soc. Biol. de Concepcion |
| Paginas del Articulo | 289-296 |
| Lugar, editorial y fecha de publicación | 1974 |
| Información sobre la relación | 48 |
| 942 ## - ELEMENTOS ADICIONALES (KOHA) | |
| Tipo de ítem | Artículo |
| Withdrawn status | Lost status | Damaged status | No para préstamo | Colección | Ubicación Permanente | Ubicación actual | Fecha de adquisición | Datos de publicación Seriada | Total Checkouts | Número topográfico | Inventario / Código de Barras | Date last seen | Price effective from | Forma de adquisición | Tipo de material |
|---|---|---|---|---|---|---|---|---|---|---|---|---|---|---|---|
| No para Préstamo | Hemeroteca | Bogotá | Bogotá | 27/02/2015 | Fuera de circulación | AR 03470 | 014377 | 25/03/2015 | 25/03/2015 | Artículo |